Central Library OPAC University of Rajshahi

Muslim modernism in Bengal : (Record no. 27348)

MARC details
000 -LEADER
fixed length control field 00853cam a2200253 a 4500
001 - CONTROL NUMBER
control field 27348
003 - CONTROL NUMBER IDENTIFIER
rucl marc code BD-RjUL
005 - DATE AND TIME OF LATEST TRANSACTION
control field 20211209051137.0
008 - FIXED-LENGTH DATA ELEMENTS--GENERAL INFORMATION
fixed length control field 140325t1980 bg 001 0 eng d
035 ## - SYSTEM CONTROL NUMBER
System control number (BD-RjUL)27421
040 ## - CATALOGING SOURCE
Original cataloging agency DLC
Transcribing agency DLC
Modifying agency DLC
-- OCoLC
-- BD-RjUL
Language of cataloging eng
041 ## - LANGUAGE CODE
Language code of text/sound track or separate title eng
082 00 - DEWEY DECIMAL CLASSIFICATION NUMBER
Classification number 297.095492
Edition number 19
Author mark and year MUS 1980
245 10 - TITLE STATEMENT
Title Muslim modernism in Bengal :
Remainder of title selected writings of Delawarr Hosaen Ahamed Meerza, 1840-1913 /
Statement of responsibility, etc. edited by Sultan Jahan Salik ; foreword by A.F. Salahuddin Ahmed.
260 ## - PUBLICATION, DISTRIBUTION, ETC. (IMPRINT)
Place of publication, distribution, etc. Dacca :
Name of publisher, distributor, etc. Centre for Social Studies,
Date of publication, distribution, etc. 1980.
300 ## - PHYSICAL DESCRIPTION
Pagination V-1 (119 p.) ;
Size 22 cm.
504 ## - BIBLIOGRAPHY, ETC. NOTE
Bibliography, etc Includes index.
650 #0 - SUBJECT ADDED ENTRY--TOPICAL TERM
Topical term or geographic name as entry element Islam
Geographic subdivision Bangladesh.
9 (RLIN) 83996
700 1# - ADDED ENTRY--PERSONAL NAME
Personal name Salik, Sultan Jahan.
Personal name Meerza, Delawarr Hosaen Ahamed,
942 ## - ADDED ENTRY ELEMENTS (KOHA)
Source of classification or shelving scheme Dewey Decimal Classification
Koha item type Books
Holdings
Lost status Source of classification or shelving scheme Damaged status Not for loan Collection code Permanent Location Current Location Shelving location Date acquired Source of acquisition Cost, normal purchase price Total Checkouts Full call number Date last seen Copy number Koha item type Materials specified (bound volume or other part)
  Dewey Decimal Classification     Non-fiction Central Library, University of Rajshahi Central Library, University of Rajshahi   30/06/1981 EUro pak Rajshahi 35.00   297.095492 MUS V-1 1980 25/03/2014 C-4 Books  
  Dewey Decimal Classification   Added to bundle Non-fiction Central Library, University of Rajshahi Central Library, University of Rajshahi Reading Room 30/06/1981 Eureca 35.00   297.095492 MUS 1980 25/03/2014 C-1 Books V-1
  Dewey Decimal Classification     Non-fiction Central Library, University of Rajshahi Central Library, University of Rajshahi   30/06/1981 Eurera 35.00   297.095492 MUS 1980 25/03/2014 C-3 Books V-1
  Dewey Decimal Classification     Non-fiction Central Library, University of Rajshahi Central Library, University of Rajshahi   30/06/1981 Eurera 35.00   297.095492 MUS 1980 25/03/2014 C-5 Books  
  Dewey Decimal Classification     Non-fiction Central Library, University of Rajshahi Central Library, University of Rajshahi   30/06/1981 Eurera 35.00   297.095492 MUS 1980 25/03/2014 C-2 Books